[Event "Oberliga Ost A 2017 2018"]
[Site "Germany"]
[Date "2018.02.04"]
[Round "7.1"]
[White "Richter, Leonard"]
[Black "Mastrovasilis, Dimitrios"]
[Result "1/2-1/2"]
[WhiteElo "2268"]
[BlackElo "2596"]
[PlyCount "76"]
[EventDate "2017.10.22"]
[EventType "team-tourn"]
[EventCountry "GER"]
[WhiteTeam "Leipzig SG II"]
[BlackTeam "Plauen SK Koenig"]
[WhiteTeamCountry "GER"]
[BlackTeamCountry "GER"]

1. e4 d5 2. exd5 Qxd5 3. Nc3 Qd6 4. d4 Nf6 5. Nf3 Bg4 6. h3 Bh5 7. Be2 c6 8.
O-O Nbd7 9. Re1 e6 10. Ne5 Nxe5 11. Bxh5 Ng6 12. Ne4 Nxe4 13. Rxe4 Be7 14. c3
O-O 15. Bxg6 hxg6 16. h4 Rad8 17. Bf4 Qd5 18. Re5 Qd7 19. Qg4 Bd6 20. Rg5 Be7
21. Re5 Bd6 22. Re3 Bxf4 23. Qxf4 Qe7 24. Rae1 Rd5 25. Re5 Rfd8 26. g3 b5 27.
Rxd5 cxd5 28. Qe5 b4 29. Kg2 bxc3 30. bxc3 Rc8 31. Qxd5 Qc7 32. Qb3 Qc6+ 33.
Kg1 Qxc3 34. Qxc3 Rxc3 35. Re3 Rc4 36. Ra3 Rxd4 37. Rxa7 e5 38. a4 f5 1/2-1/2

[Event "Oberliga Ost A 2017 2018"]
[Site "Germany"]
[Date "2018.02.04"]
[Round "7.2"]
[White "Zawadzka, Jolanta"]
[Black "Schunk, Thomas"]
[Result "1-0"]
[WhiteElo "2420"]
[BlackElo "2152"]
[PlyCount "63"]
[EventDate "2017.10.22"]
[EventType "team-tourn"]
[EventCountry "GER"]
[WhiteTeam "Plauen SK Koenig"]
[BlackTeam "Leipzig SG II"]
[WhiteTeamCountry "GER"]
[BlackTeamCountry "GER"]

1. e4 e5 2. Nf3 d6 3. d4 Nf6 4. Nc3 Nbd7 5. Bc4 Be7 6. a4 O-O 7. O-O c6 8. h3
Nxe4 9. Nxe4 d5 10. Re1 dxc4 11. dxe5 Nc5 12. Qe2 Nxe4 13. Qxe4 Be6 14. Nd4 Bd5
15. Qg4 g6 16. Nf5 Re8 17. Nxe7+ Qxe7 18. Bg5 Qc5 19. Bf6 Re6 20. Qf4 Rae8 21.
Re3 a6 22. h4 Rc8 23. h5 Qf8 24. Rh3 Rc7 25. Raa3 Rd7 26. Rag3 Rxf6 27. Qxf6
Qg7 28. Re3 Be6 29. Rh4 Rd1+ 30. Kh2 Rd2 31. hxg6 hxg6 32. Qe7 1-0

[Event "Oberliga Ost A 2017 2018"]
[Site "Germany"]
[Date "2018.02.04"]
[Round "7.3"]
[White "Weitzer, Steffen"]
[Black "Kuraszkiewicz, Michael"]
[Result "1/2-1/2"]
[WhiteElo "2236"]
[BlackElo "2303"]
[PlyCount "25"]
[EventDate "2017.10.22"]
[EventType "team-tourn"]
[EventCountry "GER"]
[WhiteTeam "Leipzig SG II"]
[BlackTeam "Plauen SK Koenig"]
[WhiteTeamCountry "GER"]
[BlackTeamCountry "GER"]

1. d4 Nf6 2. Nf3 d5 3. Bf4 c5 4. e3 e6 5. Nbd2 Be7 6. h3 O-O 7. c3 b6 8. Ne5
Bd6 9. Bg5 Nbd7 10. f4 Bb7 11. Bd3 Be7 12. O-O Ne4 13. Bxe7 1/2-1/2

[Event "Oberliga Ost A 2017 2018"]
[Site "Germany"]
[Date "2018.02.04"]
[Round "7.4"]
[White "Schaller, Sven"]
[Black "Pietzsch, Manuel"]
[Result "0-1"]
[WhiteElo "2270"]
[BlackElo "2109"]
[PlyCount "108"]
[EventDate "2017.10.22"]
[EventType "team-tourn"]
[EventCountry "GER"]
[WhiteTeam "Plauen SK Koenig"]
[BlackTeam "Leipzig SG II"]
[WhiteTeamCountry "GER"]
[BlackTeamCountry "GER"]

1. c4 e5 2. g3 Nc6 3. Bg2 Bc5 4. Nc3 d6 5. e3 a6 6. Nge2 Ba7 7. Nd5 Nge7 8. b4
Nxd5 9. cxd5 Ne7 10. Bb2 O-O 11. O-O Bf5 12. Qb3 Qd7 13. Rac1 Rac8 14. f4 f6
15. Rfe1 Bh3 16. Qd3 Ng6 17. Rf1 Bxg2 18. Kxg2 Qg4 19. Rf2 Bb6 20. Rc4 Qd7 21.
h3 Ne7 22. Rf1 Ra8 23. Rcc1 a5 24. b5 a4 25. Ba3 Ng6 26. Nc3 Ne7 27. Rb1 Kh8
28. Ne4 Nf5 29. fxe5 dxe5 30. Bxf8 Rxf8 31. Rb4 Nd6 32. Nxd6 Qxd6 33. Rxa4 g6
34. e4 Kg7 35. g4 h6 36. Rc4 Rd8 37. Rf3 Rh8 38. Rc1 h5 39. g5 fxg5 40. Rcf1
Ra8 41. Rf7+ Kh6 42. R1f6 Qc5 43. Qf1 Rg8 44. Re6 Qd4 45. Ree7 Qxe4+ 46. Kh2 g4
47. Rh7+ Kg5 48. h4+ Kxh4 49. Qf6+ g5 50. Rxh5+ Kxh5 51. Qf7+ Qg6 52. Qf1 Rg7
53. Qh1 Qd3 54. Rxg7 Qh3# 0-1

[Event "Oberliga Ost A 2017 2018"]
[Site "Germany"]
[Date "2018.02.04"]
[Round "7.5"]
[White "Liedtke, Matthias"]
[Black "Sandner, Gunter"]
[Result "1/2-1/2"]
[WhiteElo "2265"]
[BlackElo "2255"]
[PlyCount "71"]
[EventDate "2017.10.22"]
[EventType "team-tourn"]
[EventCountry "GER"]
[WhiteTeam "Leipzig SG II"]
[BlackTeam "Plauen SK Koenig"]
[WhiteTeamCountry "GER"]
[BlackTeamCountry "GER"]

1. e4 g6 2. d4 Bg7 3. Nf3 d6 4. Bd3 Bg4 5. c3 Nd7 6. h3 Bxf3 7. Qxf3 e5 8. d5
Ne7 9. c4 O-O 10. Qe2 f5 11. f3 fxe4 12. fxe4 c6 13. Be3 cxd5 14. cxd5 Nc5 15.
Nc3 Qa5 16. Bc2 Rac8 17. O-O-O Nxe4 18. Nxe4 Qxa2 19. Nc3 Qa1+ 20. Nb1 e4 21.
Qb5 Nf5 22. Rhe1 Nxe3 23. Rxe3 Rc5 24. Qb4 Bh6 25. Qxe4 Rcc8 26. Rd2 Bxe3 27.
Qxe3 Qa6 28. Nc3 Qa1+ 29. Nb1 Rf1+ 30. Rd1 Rxc2+ 31. Kxc2 Qa4+ 32. b3 Qa2+ 33.
Kc3 Qa1+ 34. Kc2 Qa2+ 35. Kc3 Qa1+ 36. Kc2 1/2-1/2

[Event "Oberliga Ost A 2017 2018"]
[Site "Germany"]
[Date "2018.02.04"]
[Round "7.6"]
[White "Kunze, Carlo"]
[Black "Roemling, Sven"]
[Result "1-0"]
[WhiteElo "2235"]
[BlackElo "2154"]
[PlyCount "97"]
[EventDate "2017.10.22"]
[EventType "team-tourn"]
[EventCountry "GER"]
[WhiteTeam "Plauen SK Koenig"]
[BlackTeam "Leipzig SG II"]
[WhiteTeamCountry "GER"]
[BlackTeamCountry "GER"]

1. d4 Nf6 2. c4 g6 3. Nc3 Bg7 4. e4 O-O 5. Be2 d6 6. Nf3 e5 7. d5 Na6 8. Bg5 h6
9. Bh4 Qe8 10. Nd2 Nc5 11. O-O Nh7 12. f3 f5 13. b4 Na6 14. a3 Rf7 15. Bf2 Bf8
16. Nb3 Nf6 17. c5 Nb8 18. Rc1 Qd8 19. Qc2 fxe4 20. fxe4 Ng4 21. Bxg4 Bxg4 22.
cxd6 cxd6 23. Nb5 Na6 24. Nxa7 Qg5 25. Bb6 Rf4 26. Qd3 Be7 27. b5 Nc5 28. Nxc5
dxc5 29. d6 Bf3 30. Rxf3 Rxf3 31. Qc4+ Rf7 32. dxe7 Qxe7 33. Bxc5 Qd7 34. Rf1
Kg7 35. Rxf7+ Qxf7 36. Qxf7+ Kxf7 37. Kf2 Ke6 38. Ke2 h5 39. b6 Kf6 40. Bd6 Ke6
41. Bc7 Kd7 42. a4 Rf8 43. g3 h4 44. a5 hxg3 45. hxg3 Rh8 46. a6 bxa6 47. Bxe5
Rh2+ 48. Kd3 Rb2 49. Bxb2 1-0

[Event "Oberliga Ost A 2017 2018"]
[Site "Germany"]
[Date "2018.02.04"]
[Round "7.7"]
[White "Limpert, Michael"]
[Black "Pfretzschner, Roland"]
[Result "1/2-1/2"]
[WhiteElo "2185"]
[BlackElo "2211"]
[PlyCount "23"]
[EventDate "2017.10.22"]
[EventType "team-tourn"]
[EventCountry "GER"]
[WhiteTeam "Leipzig SG II"]
[BlackTeam "Plauen SK Koenig"]
[WhiteTeamCountry "GER"]
[BlackTeamCountry "GER"]

1. e4 c6 2. d4 d5 3. exd5 cxd5 4. Bd3 Nc6 5. c3 Qc7 6. Ne2 Bg4 7. Qb3 e6 8. Bf4
Qd7 9. Ng3 Nf6 10. Nd2 Nh5 11. Nxh5 Bxh5 12. O-O 1/2-1/2

[Event "Oberliga Ost A 2017 2018"]
[Site "Germany"]
[Date "2018.02.04"]
[Round "7.8"]
[White "Zaehringer, Daniel"]
[Black "Scheibe, Axel"]
[Result "0-1"]
[WhiteElo "2015"]
[BlackElo "1946"]
[PlyCount "66"]
[EventDate "2017.10.22"]
[EventType "team-tourn"]
[EventCountry "GER"]
[WhiteTeam "Plauen SK Koenig"]
[BlackTeam "Leipzig SG II"]
[WhiteTeamCountry "GER"]
[BlackTeamCountry "GER"]

1. d4 c5 2. d5 e5 3. e4 d6 4. Nc3 Be7 5. Nf3 Nd7 6. Be2 Nf8 7. O-O Ng6 8. Nd2
Nf6 9. a4 O-O 10. Nc4 Bd7 11. g3 Bh3 12. Re1 Qd7 13. f4 exf4 14. gxf4 Ng4 15.
Qd3 Nf2 16. Qf3 Bh4 17. Rf1 Bxf1 18. Kxf1 f5 19. e5 Ng4 20. Qh3 Be7 21. e6 Qd8
22. Bxg4 fxg4 23. Qxg4 Nxf4 24. Kg1 h5 25. Qd1 Rf5 26. Bxf4 Rxf4 27. Qxh5 Qf8
28. Ne3 Qf6 29. Ng2 Rf5 30. Qg4 Rf8 31. h3 Rf2 32. Ne4 Qxb2 33. Re1 Rxc2 0-1

[Event "Oberliga Ost A 2017 2018"]
[Site "Germany"]
[Date "2018.02.25"]
[Round "8.2"]
[White "Hoepfl, Thomas"]
[Black "Cerveny, Martin"]
[Result "1/2-1/2"]
[WhiteElo "2276"]
[BlackElo "2381"]
[PlyCount "75"]
[EventDate "2017.10.22"]
[EventType "team-tourn"]
[EventCountry "GER"]
[WhiteTeam "Halle USV"]
[BlackTeam "Aue ESV Nickelhuette II"]
[WhiteTeamCountry "GER"]
[BlackTeamCountry "GER"]

1. e4 c5 2. Nf3 d6 3. Bb5+ Bd7 4. Bxd7+ Qxd7 5. O-O Nf6 6. Qe2 Nc6 7. c3 e6 8.
d4 cxd4 9. cxd4 d5 10. e5 Ne4 11. Be3 Be7 12. Ne1 f6 13. f3 Ng5 14. Nd2 Nf7 15.
f4 f5 16. Nd3 b6 17. Nf3 O-O-O 18. a3 Kb7 19. b4 Rc8 20. Bd2 h6 21. b5 Nb8 22.
a4 g5 23. a5 g4 24. Nfe1 Qxb5 25. Be3 Rc3 26. Rf2 Qb3 27. axb6 axb6 28. Qf1
Rhc8 29. Rfa2 Kc7 30. Rb2 Qc4 31. Bd2 Qxd4+ 32. Kh1 Rc6 33. Nc2 Qc4 34. Ncb4
Bxb4 35. Rxb4 Qc2 36. Rb2 Qc4 37. Rb4 Qc2 38. Rb2 1/2-1/2

[Event "Oberliga Ost A 2017 2018"]
[Site "Germany"]
[Date "2018.02.25"]
[Round "8.3"]
[White "Wichmann, Cliff"]
[Black "Becker, Michael"]
[Result "1/2-1/2"]
[WhiteElo "2297"]
[BlackElo "2286"]
[PlyCount "73"]
[EventDate "2017.10.22"]
[EventType "team-tourn"]
[EventCountry "GER"]
[WhiteTeam "Aue ESV Nickelhuette II"]
[BlackTeam "Halle USV"]
[WhiteTeamCountry "GER"]
[BlackTeamCountry "GER"]

1. d4 Nf6 2. c4 c5 3. d5 b5 4. Nf3 g6 5. cxb5 a6 6. e3 axb5 7. Bxb5 Qa5+ 8. Nc3
Ne4 9. Bd2 Nxd2 10. Qxd2 Bg7 11. O-O O-O 12. a4 d6 13. e4 Nd7 14. Rfe1 Ne5 15.
Nxe5 Bxe5 16. Rab1 Ba6 17. f4 Bd4+ 18. Kh1 Bxb5 19. axb5 Qb4 20. e5 Ra2 21.
exd6 exd6 22. Ne4 Qxb5 23. Nxd6 Qb3 24. Ne4 Rd8 25. d6 Kg7 26. f5 Rxb2 27. Nxc5
Rxd2 28. Nxb3 Rd3 29. Red1 Rxd1+ 30. Rxd1 Bb6 31. fxg6 fxg6 32. g3 Kf7 33. Kg2
Ke6 34. Nd2 Rxd6 35. Re1+ Kf7 36. Nc4 Rf6 37. Nxb6 1/2-1/2

[Event "Oberliga Ost A 2017 2018"]
[Site "Germany"]
[Date "2018.02.25"]
[Round "8.4"]
[White "Hartge, Gedeon"]
[Black "Jurasek, Miroslav"]
[Result "1/2-1/2"]
[WhiteElo "2144"]
[BlackElo "2276"]
[PlyCount "66"]
[EventDate "2017.10.22"]
[EventType "team-tourn"]
[EventCountry "GER"]
[WhiteTeam "Halle USV"]
[BlackTeam "Aue ESV Nickelhuette II"]
[WhiteTeamCountry "GER"]
[BlackTeamCountry "GER"]

1. d4 d5 2. c4 e6 3. Nc3 Nf6 4. cxd5 Nxd5 5. e4 Nxc3 6. bxc3 c5 7. Nf3 cxd4 8.
cxd4 Bb4+ 9. Bd2 Bxd2+ 10. Qxd2 O-O 11. Bc4 Nd7 12. O-O h6 13. Rfe1 Nf6 14. Bb3
b6 15. d5 Re8 16. Qd4 Bb7 17. dxe6 fxe6 18. Rac1 Qe7 19. Qe5 Nd7 20. Qg3 Nc5
21. Nd4 Nxb3 22. Qxb3 Rad8 23. Nc6 Bxc6 24. Rxc6 Rc8 25. Rec1 Rxc6 26. Rxc6 Qd7
27. Rc1 Qd4 28. Qc4 Qxc4 29. Rxc4 Rd8 30. g3 Rd7 31. Kf1 Rd2 32. a4 Ra2 33. h4
Kh7 1/2-1/2

[Event "Oberliga Ost A 2017 2018"]
[Site "Germany"]
[Date "2018.02.25"]
[Round "8.5"]
[White "Schnabel, Ralf"]
[Black "Schulte, Felix"]
[Result "0-1"]
[WhiteElo "2225"]
[BlackElo "1967"]
[PlyCount "68"]
[EventDate "2017.10.22"]
[EventType "team-tourn"]
[EventCountry "GER"]
[WhiteTeam "Aue ESV Nickelhuette II"]
[BlackTeam "Halle USV"]
[WhiteTeamCountry "GER"]
[BlackTeamCountry "GER"]

1. e4 c5 2. Nf3 e6 3. b3 b6 4. Bb2 Bb7 5. Qe2 d6 6. d4 cxd4 7. Nxd4 Nf6 8. Nd2
Nbd7 9. g3 a6 10. c4 g6 11. Bg2 Bg7 12. O-O Qc7 13. Rac1 O-O 14. Rfd1 Rfe8 15.
Nf1 Rac8 16. g4 Nc5 17. Ng3 e5 18. Nc2 Ne6 19. f3 Bh6 20. Ne3 Qc5 21. Ngf1 Nf4
22. Qf2 Nxe4 23. fxe4 Bxe4 24. Bxe4 Nh3+ 25. Kg2 Nxf2 26. Kxf2 Re6 27. Ke2 Rf8
28. h4 Bf4 29. Rd5 Qc7 30. Rcd1 Qe7 31. g5 h6 32. Ba3 Rd8 33. gxh6 Qxh4 34.
Bxd6 Bxe3 0-1

[Event "Oberliga Ost A 2017 2018"]
[Site "Germany"]
[Date "2018.02.25"]
[Round "8.7"]
[White "Floeter, Frank"]
[Black "Hentzgen, Thomas"]
[Result "1/2-1/2"]
[WhiteElo "2123"]
[BlackElo "2037"]
[PlyCount "50"]
[EventDate "2017.10.22"]
[EventType "team-tourn"]
[EventCountry "GER"]
[WhiteTeam "Aue ESV Nickelhuette II"]
[BlackTeam "Halle USV"]
[WhiteTeamCountry "GER"]
[BlackTeamCountry "GER"]

1. d4 e6 2. c4 b6 3. Nf3 Bb7 4. e3 f5 5. Bd3 Nf6 6. O-O Be7 7. Nc3 O-O 8. Qe2
Ne4 9. Nd2 Nxc3 10. bxc3 Bd6 11. f4 c5 12. Nf3 Nc6 13. Ne5 Rc8 14. Nxc6 Bxc6
15. Bd2 Qc7 16. Rac1 Rf6 17. g3 Qb7 18. Kf2 Rh6 19. h4 Rg6 20. Rfe1 Be4 21.
Bxe4 Qxe4 22. Qf3 Qd3 23. Qe2 Qe4 24. Qf3 Qd3 25. Qe2 Qe4 1/2-1/2

[Event "Oberliga Ost A 2017 2018"]
[Site "Germany"]
[Date "2018.02.25"]
[Round "8.8"]
[White "Hartwig, Maik"]
[Black "Heinz, Thomas"]
[Result "0-1"]
[WhiteElo "2101"]
[BlackElo "2138"]
[PlyCount "64"]
[EventDate "2017.10.22"]
[EventType "team-tourn"]
[EventCountry "GER"]
[WhiteTeam "Halle USV"]
[BlackTeam "Aue ESV Nickelhuette II"]
[WhiteTeamCountry "GER"]
[BlackTeamCountry "GER"]

1. d4 d5 2. Nf3 Nf6 3. Bf4 Bf5 4. e3 e6 5. Bd3 Bxd3 6. Qxd3 c6 7. O-O Be7 8. h3
Nbd7 9. Nbd2 O-O 10. e4 dxe4 11. Nxe4 Nxe4 12. Qxe4 Nf6 13. Qe2 Qa5 14. Rfd1
Rad8 15. c4 Rfe8 16. a3 Qf5 17. Be5 Bd6 18. Bxd6 Rxd6 19. Qe5 Red8 20. Qxf5
exf5 21. Re1 Kf8 22. Re3 Ne4 23. Rae1 g6 24. b4 f6 25. a4 a6 26. h4 R6d7 27. h5
g5 28. g4 fxg4 29. Nh2 f5 30. Nxg4 Rxd4 31. Nh6 Nd2 32. Nxf5 Rf4 0-1

[Event "Oberliga Ost A 2017 2018"]
[Site "Germany"]
[Date "2018.02.25"]
[Round "8.1"]
[White "Schaller, Sven"]
[Black "Schweitzer, Andreas"]
[Result "1/2-1/2"]
[WhiteElo "2270"]
[BlackElo "2228"]
[PlyCount "79"]
[EventDate "2017.10.22"]
[EventType "team-tourn"]
[EventCountry "GER"]
[WhiteTeam "Plauen SK Koenig"]
[BlackTeam "Coswig TuS"]
[WhiteTeamCountry "GER"]
[BlackTeamCountry "GER"]

1. Nf3 d5 2. g3 c6 3. Bg2 Bf5 4. O-O h6 5. d3 Nf6 6. Nbd2 e6 7. Qe1 Be7 8. e4
Bh7 9. Ne5 O-O 10. f4 Nbd7 11. Nxd7 Qxd7 12. e5 Ne8 13. Kh1 c5 14. Qe2 Nc7 15.
Nf3 d4 16. g4 Nd5 17. g5 Bf5 18. Nh4 g6 19. Nxf5 exf5 20. gxh6 Rfe8 21. Rf3 Kh7
22. Rh3 b5 23. Bd2 a5 24. c4 dxc3 25. bxc3 Rab8 26. a3 Nc7 27. Rd1 b4 28. axb4
axb4 29. c4 Bf8 30. Be3 b3 31. Qb2 Red8 32. Rf3 Ne6 33. Rff1 Bxh6 34. Qf2 b2
35. Bd5 Nc7 36. Bf3 Ne6 37. Bd5 Nc7 38. Bf3 Ne6 39. Bd5 Nc7 40. Bf3 1/2-1/2

[Event "Oberliga Ost A 2017 2018"]
[Site "Germany"]
[Date "2018.02.25"]
[Round "8.2"]
[White "Hofmann, Rares"]
[Black "Sandner, Gunter"]
[Result "1/2-1/2"]
[WhiteElo "2229"]
[BlackElo "2255"]
[PlyCount "106"]
[EventDate "2017.10.22"]
[EventType "team-tourn"]
[EventCountry "GER"]
[WhiteTeam "Coswig TuS"]
[BlackTeam "Plauen SK Koenig"]
[WhiteTeamCountry "GER"]
[BlackTeamCountry "GER"]

1. e4 g6 2. d4 Bg7 3. Nc3 a6 4. f4 b5 5. Nf3 Bb7 6. Bd3 Nf6 7. e5 Nd5 8. O-O
O-O 9. f5 c5 10. Nxd5 Bxd5 11. dxc5 Qc7 12. Bg5 Qxc5+ 13. Kh1 Nc6 14. f6 exf6
15. exf6 Bxf3 16. Qxf3 Qxg5 17. fxg7 Kxg7 18. Be4 Rac8 19. Bxc6 Rxc6 20. Rad1
Qe7 21. c3 Re8 22. Qd5 Rf6 23. Qd4 d5 24. h3 Qe5 25. Rxf6 Qxf6 26. Qxf6+ Kxf6
27. Rxd5 Re2 28. Rd6+ Ke5 29. Rxa6 Rxb2 30. a4 bxa4 31. Rxa4 f5 32. Kh2 f4 33.
Ra5+ Ke4 34. Kg1 f3 35. gxf3+ Kxf3 36. c4 Rg2+ 37. Kh1 Rc2 38. Ra7 Rxc4 39.
Ra3+ Kf4 40. Rb3 h5 41. Kg2 Rc2+ 42. Kg1 g5 43. Rb4+ Kg3 44. Rb3+ Kh4 45. Ra3
Rc1+ 46. Kg2 g4 47. hxg4 hxg4 48. Ra8 Rc2+ 49. Kg1 Kh3 50. Ra3+ g3 51. Ra1 Rg2+
52. Kh1 Rh2+ 53. Kg1 Rg2+ 1/2-1/2

[Event "Oberliga Ost A 2017 2018"]
[Site "Germany"]
[Date "2018.02.25"]
[Round "8.3"]
[White "Kunze, Carlo"]
[Black "Mueller, Richard"]
[Result "1/2-1/2"]
[WhiteElo "2235"]
[BlackElo "2161"]
[PlyCount "31"]
[EventDate "2017.10.22"]
[EventType "team-tourn"]
[EventCountry "GER"]
[WhiteTeam "Plauen SK Koenig"]
[BlackTeam "Coswig TuS"]
[WhiteTeamCountry "GER"]
[BlackTeamCountry "GER"]

1. d4 d5 2. c4 e6 3. Nc3 c6 4. cxd5 cxd5 5. Nf3 Nc6 6. Bf4 Bd6 7. Bxd6 Qxd6 8.
e3 Nf6 9. Bd3 O-O 10. O-O Bd7 11. a3 Rac8 12. Rc1 Na5 13. Qe2 a6 14. Ne5 b5 15.
f4 g6 16. Rc2 1/2-1/2

[Event "Oberliga Ost A 2017 2018"]
[Site "Germany"]
[Date "2018.02.25"]
[Round "8.4"]
[White "Klawa, Patrick"]
[Black "Hoerr, Matthias"]
[Result "1-0"]
[WhiteElo "2163"]
[BlackElo "2196"]
[PlyCount "73"]
[EventDate "2017.10.22"]
[EventType "team-tourn"]
[EventCountry "GER"]
[WhiteTeam "Coswig TuS"]
[BlackTeam "Plauen SK Koenig"]
[WhiteTeamCountry "GER"]
[BlackTeamCountry "GER"]

1. e4 c5 2. Ne2 Nc6 3. Nbc3 g6 4. g3 Bg7 5. Bg2 e6 6. d3 Nge7 7. h4 h5 8. Bg5
Rb8 9. a4 a6 10. Qd2 b5 11. axb5 axb5 12. O-O d6 13. Nc1 Qc7 14. Nd1 Ne5 15. c3
N7c6 16. f3 Bd7 17. Nf2 b4 18. Be3 Qb6 19. f4 Ng4 20. Nxg4 hxg4 21. Rf2 O-O 22.
f5 exf5 23. exf5 bxc3 24. bxc3 Bxf5 25. Bh6 Ne7 26. h5 Kh7 27. hxg6+ fxg6 28.
Bxg7 Kxg7 29. Qg5 Rbe8 30. Ne2 Qd8 31. Ra7 Rf7 32. Nf4 Ng8 33. Nh5+ Kf8 34.
Rxf7+ Kxf7 35. Bd5+ Kf8 36. Rxf5+ gxf5 37. Qxg8+ 1-0

[Event "Oberliga Ost A 2017 2018"]
[Site "Germany"]
[Date "2018.02.25"]
[Round "8.5"]
[White "Pfretzschner, Roland"]
[Black "Merker, Matthias"]
[Result "1-0"]
[WhiteElo "2211"]
[BlackElo "2133"]
[PlyCount "65"]
[EventDate "2017.10.22"]
[EventType "team-tourn"]
[EventCountry "GER"]
[WhiteTeam "Plauen SK Koenig"]
[BlackTeam "Coswig TuS"]
[WhiteTeamCountry "GER"]
[BlackTeamCountry "GER"]

1. e4 Nf6 2. Nc3 d5 3. e5 d4 4. Nce2 Ne4 5. c3 Nc6 6. Nf3 Bg4 7. Nexd4 Nxd4 8.
Qa4+ c6 9. Qxd4 Bxf3 10. Qxd8+ Rxd8 11. gxf3 Ng5 12. f4 Ne6 13. f5 Nc7 14. d4
g6 15. Bh3 e6 16. Bg5 Rd5 17. f6 Kd8 18. O-O Kc8 19. b4 h5 20. a4 Bh6 21. Bxh6
Rxh6 22. Rfd1 Rh8 23. c4 Rd7 24. Rd2 Rhd8 25. Rad1 Kb8 26. b5 c5 27. d5 b6 28.
Kf1 g5 29. Ke1 Kc8 30. dxe6 fxe6 31. Rd6 g4 32. f7 Rxd6 33. exd6 1-0

[Event "Oberliga Ost A 2017 2018"]
[Site "Germany"]
[Date "2018.02.25"]
[Round "8.6"]
[White "Kieslich, Aaron"]
[Black "Zaehringer, Daniel"]
[Result "1/2-1/2"]
[WhiteElo "2048"]
[BlackElo "2015"]
[PlyCount "42"]
[EventDate "2017.10.22"]
[EventType "team-tourn"]
[EventCountry "GER"]
[WhiteTeam "Coswig TuS"]
[BlackTeam "Plauen SK Koenig"]
[WhiteTeamCountry "GER"]
[BlackTeamCountry "GER"]

1. d4 d5 2. c4 e6 3. Nc3 c6 4. e3 Nf6 5. Qc2 Nbd7 6. Nf3 Bd6 7. b3 O-O 8. Be2
b6 9. Bb2 Bb7 10. O-O Rc8 11. Rac1 c5 12. dxc5 Nxc5 13. Rfd1 Qe7 14. Nd4 Rfd8
15. cxd5 Nxd5 16. Nxd5 Bxd5 17. Bc4 Bb7 18. Qe2 Qh4 19. f4 Qh6 20. Nf3 a6 21.
a4 a5 1/2-1/2

[Event "Oberliga Ost A 2017 2018"]
[Site "Germany"]
[Date "2018.02.25"]
[Round "8.7"]
[White "Fischer, Edwin"]
[Black "Poenisch, Johannes"]
[Result "1/2-1/2"]
[WhiteElo "2112"]
[BlackElo "1961"]
[PlyCount "74"]
[EventDate "2017.10.22"]
[EventType "team-tourn"]
[EventCountry "GER"]
[WhiteTeam "Plauen SK Koenig"]
[BlackTeam "Coswig TuS"]
[WhiteTeamCountry "GER"]
[BlackTeamCountry "GER"]

1. d4 d5 2. Nf3 Nf6 3. c4 dxc4 4. Qa4+ Nbd7 5. Qxc4 e6 6. g3 c5 7. Bg2 Nb6 8.
Qd3 Be7 9. O-O O-O 10. Nc3 Nbd5 11. Rd1 cxd4 12. Nxd5 Nxd5 13. Nxd4 a6 14. e4
Nf6 15. Qe2 Qc7 16. Be3 Rd8 17. Rac1 Qb8 18. Nb3 Rxd1+ 19. Qxd1 h6 20. Na5 e5
21. Nc4 Nd7 22. Bh3 b5 23. Na5 Nb6 24. Bxc8 Nxc8 25. Qd7 Bf6 26. Rc7 Ne7 27.
Bc5 Ng6 28. Qxf7+ Kh7 29. Nc6 Nh8 30. Nxb8 Nxf7 31. Nd7 Bd8 32. Rb7 Ng5 33. Bd6
Nxe4 34. Bxe5 Kg8 35. Bxg7 Nd6 36. Rb8 Rxb8 37. Nxb8 Kxg7 1/2-1/2

[Event "Oberliga Ost A 2017 2018"]
[Site "Germany"]
[Date "2018.02.25"]
[Round "8.8"]
[White "Wolf, Mario"]
[Black "Linnert, Niklas"]
[Result "0-1"]
[WhiteElo "1968"]
[BlackElo "1979"]
[PlyCount "90"]
[EventDate "2017.10.22"]
[EventType "team-tourn"]
[EventCountry "GER"]
[WhiteTeam "Coswig TuS"]
[BlackTeam "Plauen SK Koenig"]
[WhiteTeamCountry "GER"]
[BlackTeamCountry "GER"]

1. d4 Nf6 2. c4 g6 3. Nc3 d5 4. e3 Bg7 5. Be2 O-O 6. cxd5 Nxd5 7. Bf3 Nxc3 8.
bxc3 c5 9. Ne2 Qc7 10. Rb1 Nc6 11. O-O Rd8 12. Qb3 Rb8 13. Qb5 cxd4 14. Bxc6
Bf5 15. Bf3 Bxb1 16. Qxb1 dxc3 17. a4 a6 18. Qb4 b5 19. e4 a5 20. Qb3 bxa4 21.
Qxa4 Rb4 22. Qa3 Rdb8 23. Bf4 e5 24. Be3 Rb3 25. Qa4 R8b4 26. Qe8+ Bf8 27. Nc1
Rb1 28. Rd1 Rb8 29. Qa4 R1b4 30. Rd7 Rxa4 31. Rxc7 Ra1 32. Rxc3 Rbb1 33. Kf1
Ba3 34. Bh6 f6 35. Bg4 f5 36. exf5 Bxc1 37. Rc8+ Kf7 38. Rf8+ Ke7 39. f6+ Kd6
40. Rd8+ Kc7 41. Rd7+ Kc6 42. Bxc1 Rxc1+ 43. Ke2 Rc2+ 44. Kd3 Rxf2 45. f7 Rd1+
0-1

[Event "Oberliga Ost A 2017 2018"]
[Site "Germany"]
[Date "2018.02.25"]
[Round "8.1"]
[White "Spreng, Simon"]
[Black "Zwahr, Paul"]
[Result "0-1"]
[WhiteElo "2235"]
[BlackElo "2306"]
[PlyCount "56"]
[EventDate "2017.10.22"]
[EventType "team-tourn"]
[EventCountry "GER"]
[WhiteTeam "Dessau SK"]
[BlackTeam "Dresden SG Gruen Weiss"]
[WhiteTeamCountry "GER"]
[BlackTeamCountry "GER"]

1. d4 Nf6 2. Nc3 d5 3. Bg5 c5 4. e3 Nc6 5. Nf3 Bg4 6. Bxf6 gxf6 7. dxc5 e6 8.
Be2 Bxc5 9. O-O Rg8 10. a3 f5 11. Kh1 Qf6 12. Nb5 O-O-O 13. b4 Be7 14. Qc1 Kb8
15. c4 Qg7 16. Rg1 Bf6 17. Ra2 dxc4 18. Qxc4 a6 19. a4 axb5 20. axb5 Bxf3 21.
Bxf3 Ne5 22. Qc5 Nxf3 23. Qa7+ Kc7 24. Rc2+ Bc3 25. b6+ Kc6 26. b5+ Kc5 27.
Qa3+ Kxb6 28. Rxc3 Qxg2+ 0-1

[Event "Oberliga Ost A 2017 2018"]
[Site "Germany"]
[Date "2018.02.25"]
[Round "8.2"]
[White "Rudolf, Sebastian"]
[Black "Matthey, Harald"]
[Result "1-0"]
[WhiteElo "2270"]
[BlackElo "2108"]
[PlyCount "93"]
[EventDate "2017.10.22"]
[EventType "team-tourn"]
[EventCountry "GER"]
[WhiteTeam "Dresden SG Gruen Weiss"]
[BlackTeam "Dessau SK"]
[WhiteTeamCountry "GER"]
[BlackTeamCountry "GER"]

1. e4 e6 2. d4 b6 3. Bd3 Bb7 4. Nf3 g6 5. O-O Bg7 6. c3 h6 7. Bf4 d6 8. Nbd2
Nd7 9. Re1 Ngf6 10. Nf1 a6 11. Qe2 e5 12. dxe5 Nh5 13. Be3 dxe5 14. Qd2 Nhf6
15. Qc2 O-O 16. Rad1 Qe7 17. Ng3 Rfd8 18. Bf1 Nc5 19. Rxd8+ Rxd8 20. Bc1 a5 21.
Nd2 h5 22. Bc4 Bc6 23. f3 Kh7 24. Nb3 a4 25. Nd2 Bh6 26. Bf1 h4 27. Nh1 Nh5 28.
Nc4 Bxc1 29. Qxc1 Nf4 30. Nf2 b5 31. Ne3 Kg7 32. Rd1 a3 33. Rxd8 axb2 34. Qxb2
Qxd8 35. g3 Qg5 36. Neg4 hxg3 37. hxg3 Nh5 38. Bxb5 Bxb5 39. Qxb5 Qc1+ 40. Kg2
Qxc3 41. Qc6 Qa5 42. Qd5 f6 43. Qd8 Kf7 44. Nh6+ Kg7 45. Qg8+ Kxh6 46. Qh8+ Kg5
47. Nh3# 1-0